000 01008cab a2200289 4500
001 ABS51499
008 090401t1994 xxu||||| |||| 00| 0 eng d
035 _a(Sirsi) u30511
041 _aeng
100 _aSingleton, M.
245 _aSuitable compensation for settlement
260 _c1994
350 _a0
490 _aConstruction Repair
_v8(5) September/October 1994, 8-10(3)
520 _aReviews geotechnical systems developed to compensate for ground movement affecting buildings. Gives case studies of two such methods: soilfrac grouting and compaction grouting.
650 _aCHALK SWALLOW HOLES
650 _aCOMPACTION GROUTING
650 _aCOMPENSATION GROUTING METHODS
650 _aBUILT ENVIRONMENT-BUILDING ELEMENTS-COMPLETE BUILDING ELEMENTS-FOUNDATIONS
650 _aGROUND MOVEMENT
650 _aSOILFRAC GROUTING
650 _aSUBSIDENCE
650 _aUNDERPINNING
690 _aBUILDING AND CONSTRUCTION-DEFECTS AND FAILURES
942 _n0
948 _c04/03/1997
999 _c20572
_d20572